| 000 | 00543cam a22002291 4500 | ||
|---|---|---|---|
| 001 | sa 64005204 | ||
| 003 | DLC | ||
| 005 | 20260227112031.0 | ||
| 008 | 890802s1963 ii 000 0 hino | ||
| 010 | _asa 64005204 | ||
| 035 | _a(OCoLC)20116044 | ||
| 040 |
_aDLC _cWaU _dDLC |
||
| 042 | _apremarc | ||
| 050 | 0 | 0 |
_aQ171 _b.K63 |
| 100 | 1 | _aKothari, D. S. | |
| 245 | 1 | 0 | _aVijñāna aura viśvavidyālaya. |
| 260 | _c[1963] | ||
| 300 |
_a166 p. _c17 cm. |
||
| 500 | _aIn Hindi. | ||
| 500 | _aMap on lining-paper. | ||
| 650 | 0 | _aScience. | |
| 999 |
_c59009 _d59009 |
||